000 00673nam a22002415b 4500
001 bimo0000095041
003 OSt
005 20141020175218.0
008 910627s1989 sp | |||| ||spa
020 _a84-330-0799-8
040 _cBMC
082 _a658.15
082 _a332.068
100 1 _aGómez-Bezares, Fernando
_95753
245 1 0 _aDirección financiera
_b: teoría y aplicaciones
_cFernando Gómez Bezares
250 _a3ª ed
260 _aBilbao
_bDesclée de Brouwer
_c2003
300 _a294 p.
_bgráf.
_c23 cm
490 1 _aBiblioteca de gestión
650 2 4 _aEmpresas
_95713
_xFinanzas
650 2 4 _aDirección financiera
_96088
942 _2ddc
_cBK
999 _c14541
_d14541